Initiation à l'étude du sens : Sémantique et pragmatique (notice n° 1707905)

détails MARC
000 -LEADER
fixed length control field 01824cam a2200145 4500500
005 - DATE AND TIME OF LATEST TRANSACTION
control field 20260322000627.0
041 ## - LANGUAGE CODE
Language code of text/sound track or separate title fre
042 ## - AUTHENTICATION CODE
Authentication code dc
100 10 - MAIN ENTRY--PERSONAL NAME
Personal name Zufferey, Sandrine
Relator term author
245 00 - TITLE STATEMENT
Title Initiation à l'étude du sens : Sémantique et pragmatique
260 ## - PUBLICATION, DISTRIBUTION, ETC.
Name of publisher, distributor, etc. Éditions Sciences Humaines,<br/>
Date of publication, distribution, etc. 2025.<br/>
520 ## - SUMMARY, ETC.
Summary, etc. L'étude du sens, dans ses dimensions sémantiques et pragmatiques, fait partie du cursus de base en sciences du langage, en philosophie et en psychologie. Plus généralement, elle concerne celles et ceux qui s'intéressent au langage et à son utilisation dans la communication. Avec l'essor des sciences cognitives, la sémantique et la pragmatique ont connu des évolutions récentes considérables. Cette deuxième édition propose une introduction daire et complète à ces domaines classiques et offre l'essentiel des connaissances en la matière. De plus, au fil des chapitres, il retrace leur progression afin d'inclure les concepts les plus récents (sémantique cognitive, pragmatique interculturelle, etc.). Par ailleurs, cet ouvrage met en regard sémantique et pragmatique. Un tel rapprochement permet de fournir une vision globale et cohérente du sens linguistique, en montrant également quels sont les points de frontière entre ces disciplines. Conçu en quatorze chapitres qui se terminent par des questions de révision permettant de vérifier ses connaissances, l'ouvrage se veut un outil pédagogique et clair pour celles et ceux— étudiantes, enseignantes, praticiennes en langue et linguistique, philosophie, psychologie, communication, sociologie—qui veulent se familiariser avec ces différents concepts.
700 10 - ADDED ENTRY--PERSONAL NAME
Personal name Moeschler, Jacques
Relator term author
856 41 - ELECTRONIC LOCATION AND ACCESS
Uniform Resource Identifier <a href="https://shs.cairn.info/initiation-a-l-etude-du-sens--9782361069100?lang=fr&redirect-ssocas=7080">https://shs.cairn.info/initiation-a-l-etude-du-sens--9782361069100?lang=fr&redirect-ssocas=7080</a>

Pas d'exemplaire disponible.

PLUDOC

PLUDOC est la plateforme unique et centralisée de gestion des bibliothèques physiques et numériques de Guinée administré par le CEDUST. Elle est la plus grande base de données de ressources documentaires pour les Étudiants, Enseignants chercheurs et Chercheurs de Guinée.

Adresse

627 919 101/664 919 101

25 boulevard du commerce
Kaloum, Conakry, Guinée

Réseaux sociaux

Powered by Netsen Group @ 2025